| 000 | 00455nam a22001577a 4500 | ||
|---|---|---|---|
| 003 | SGT | ||
| 020 | _a9789352708963 | ||
| 082 |
_a617.525 _bB19T |
||
| 100 | _aThankappan, Krishnakumar | ||
| 245 | _aBasic Concepts in Head & Neck Surgery and Oncology | ||
| 260 |
_aNew Delhi, India _bJaypee Brothers Pub. _c2019 |
||
| 300 | _a342 | ||
| 650 | _aOral & Maxillofacial Surgery | ||
| 653 | _aHead & Neck Surgery; Oral & Maxillofacial Surgery | ||
| 942 |
_2ddc _cBK |
||
| 999 |
_c24766 _d24766 |
||